Direito do trabalho : (Record no. 559)

MARC details
000 -LÍDER
Campo Fixo de Controle 00789nam a2200253 a 4500
001 - NÚMERO DE CONTROLE
Campo de Controle 559
003 - IDENTIFICAÇÃO DO NÚMERO DE CONTROLE
Campo de Controle BR-CuiBMT
005 - DATA E HORA DA ÚLTIMA ATUALIZAÇÃO
Campo de Controle 20231109190411.0
008 - DADOS FIXOS
Dados Fixos 231109s2014 spba 000 0 por d
020 ## - INTERNATIONAL STANDARD BOOK NUMBER
Nº do ISBN 9788502215542
040 ## - AGÊNCIA CATALOGADORA
Código da Agência Catalogadora BR-CuiBMT
Agência que transcreveu o registro BR-CuiBMT
080 ## - Nº DA CLASSIFICAÇÃO DECIMAL UNIVERSAL
Nº edição CDU 2007
Nº Class. CDU 349.2
090 ## - NÚMERO DE CHAMADA
Nº classificação 349.2
Cutter B311d
Ano/Edição 7. ed.
100 1# - ENTRADA PRINCIPAL -- AUTOR PESSOAL
Nome pessoal Basile, César Reinaldo Offa,
Datas associadas ao nome 1976-
245 10 - TÍTULO PRINCIPAL
Título principal Direito do trabalho :
Subtítulo teoria geral a trabalho do menor /
Indicação de responsabilidade César Reinaldo Offa Basile.
250 ## - EDIÇÃO
Edição 7. ed.
260 ## - PUBLICAÇÃO, DISTRIBUIÇÃO, ETC.
Local de publicação São Paulo :
Editora Saraiva,
Data 2014.
300 ## - DESCRIÇÃO FÍSICA
N. páginas ou volumes 209 p. :
Ilustrações il. ;
Dimensões 21 cm
490 1# - INDICAÇÃO DE SÉRIE
Título da série Sinopses Jurídicas ;
Volume/designação sequencial da série v. 27
650 ## - ASSUNTO TÓPICO
Cabeçalho tópico ou nome geográfico Direito do trabalho
Subdivisão de forma Sínteses, compêndios, etc.
Subdivisão geográfica Brasil
650 ## - ASSUNTO TÓPICO
Cabeçalho tópico ou nome geográfico Trabalho infantil
830 #0 - ENTRADA SECUNDÁRIA DE SÉRIE -- TÍTULO UNIFORME
Título uniforme Sinopses jurídicas ;
Nº do volume/designação sequencial da série 27.
942 ## - ELEMENTOS DE ENTRADA ADICIONAIS (KOHA)
Fonte de classificação ou esquema de arquivamento Classificação Decimal Universal
Tipo de item do Koha Livros
Holdings
Estado: removido Estado: perdido Fonte de classificação ou esquema de arquivamento Estado: danificado Indisponível para empréstimo Localização permanente Localização atual Data de aquisição Total Checkouts Número de Chamada completo Código de barras Date last seen Número do exemplar Preço efetivo a partir de Tipo de item (Koha)
    Classificação Decimal Universal     Biblioteca da Escola Superior de Contas do TCE/MT Biblioteca da Escola Superior de Contas do TCE/MT 09/11/2023   349.2 B311d 7. ed. BIBTCEMT23110359 09/11/2023 Ex. 1 09/11/2023 Livros

Powered by Koha